00605nam a22002057a 450000500170000001000130001702000100003003500130004003700160005304000120006908200160008110000230009724500540012026000440017427000430021830000210026150000210028265000490030365000470035220170124110003.0 aA-895705 c00.00 aA-895705 bCen Lib/Ret aDPLbEN a345.01bDHA aDhagamwar, Vasudha aCriminal justice or chaos ?cby Vasudha Dhagamwar aNew DelhibHar-Anand Publicationsc1997 bNew Delhia364-A, Chirag Delhie110017 a185p. c22cm(Hb) aIncludes index  aCriminal justice, Administration of -- India aWomen -- Legal status, laws, etc. -- India